00447 a2200169 450000100060000002000060000604000240001210000180003624000290005424500240008330000060010736200060011365000310011994200070015095201030015799900170026044590 a  cAnchieta - Aquarius aCalmon, Edson10aO papel e a idéialpor10aO papel e a idéia a 0 a0 4aLiteratura infanto-juvenil cBK 00104070a87.1b87.1d2023-11-21l0o028.5 BRA PAPp836/AQUr2023-11-21 15:10:26w2023-11-21yBK c44590d44590